It's all b' coz of you : (Record no. 76639)

MARC details
000 -LEADER
fixed length control field 00503nam a22001697a 4500
005 - DATE AND TIME OF LATEST TRANSACTION
control field 20130613153334.0
010 ## - LCCN (DPL NO)
LC control number ENG-107599
020 ## - INTERNATIONAL STANDARD BOOK NUMBER
International Standard Book Number 9789350835074
Terms of availability 125.00
035 ## - SYSTEM CONTROL NUMBER
System control number EN-91132
037 ## - SOURCE OF ACQUISITION
Source of stock number/acquisition DBAD/PUB
100 ## - MAIN ENTRY--PERSONAL NAME
Personal name Nams, Noelle
245 ## - TITLE STATEMENT
Title It's all b' coz of you :
Statement of responsibility, etc by Noelle Nams
Remainder of title that i want you some more /
260 ## - PUBLICATION, DISTRIBUTION, ETC. (IMPRINT)
Place of publication, distribution, etc New Delhi
Name of publisher, distributor, etc Diamond Pocket Book
Date of publication, distribution, etc 2013
270 ## - ADDRESS
Address X-30, Okhla Industrial Area, Phase-II
City New Delhi
Postal code 110020
300 ## - PHYSICAL DESCRIPTION
Extent 159p.
Dimensions 23cm(pbk)
942 ## - ADDED ENTRY ELEMENTS (KOHA)
Source of classification or shelving scheme Dewey Decimal Classification
Item type English Books
Call number suffix NAM
Holdings
Withdrawn status Lost status Not for loan Collection code Home library Current library Date acquired Source of acquisition Cost, normal purchase price Full call number Barcode Copy number Cost, replacement price Koha item type
    Not For Loan Fiction D.B.Act.Division D.B.Act.Division 13/06/2013 DBAD / PUB 125.00 NAM EN-91132 1 125.00 English Books

© Delhi Public Library
Hit Counter
free hit counter